[Event "ch-Kyiv"]
[Site "Kyiv UKR"]
[Date "2007.01.27"]
[Round "8"]
[White "Matorin,E"]
[Black "Moliboga,V"]
[Result "1-0"]
[WhiteElo "2274"]
[BlackElo "2277"]

1.Nf3 Nf6 2.c4 c5 3.g3 b6 4.Bg2 Bb7 5.O-O e6 6.Nc3 Be7 7.b3 d6 8.d4 cxd4
9.Qxd4 O-O 10.Rd1 Nbd7 11.Nb5 Ne4 12.Qe3 a6 13.Nbd4 Qc7 14.Bb2 Rfe8 15.Rac1 Nef6
16.Nxe6 fxe6 17.Qxe6+ Kh8 18.Ng5 h6 19.Nf7+ Kh7 20.Bxb7 Qxb7 21.Qf5+ g6 22.Qf4 Kg7
23.Nxd6 Qc6 24.Nxe8+ Rxe8 25.Rd3 Rf8 26.Rcd1 Nc5 27.Rd6 Qb7 28.R6d5 Kh7 29.Qe5 a5
30.Rd7 Ncxd7 31.Qxe7+ Kg8 32.Bxf6 Rf7 33.Qd8+ Nf8 34.Bd4 Qe4 35.Bxb6 Qxe2
36.Qd2 Qf3 37.Qd5 Qe2 38.Qd3 Qxa2 39.Rd2 Qa1+ 40.Kg2 a4 41.Bd4 Qa3 42.Bb2 Qxb3
43.Qd4 Qf3+ 44.Kg1 Re7 45.Rd1 Kf7 46.Ra1 a3 47.Bxa3 Rd7 48.Bd6 Ne6 49.Qd2 Ng5
50.Qf4+ Qxf4 51.Bxf4 Nh3+ 52.Kg2 Nxf4+ 53.gxf4 Rc7 54.Rc1 Rc5 55.Kf3 Ke6
56.Ke4 Rh5 57.c5 Kd7 58.Rd1+ Kc6 59.Rd6+ Kxc5 60.Rxg6 Rxh2 61.f3 Re2+ 62.Kf5 h5
63.Rh6 Re3 64.Rxh5 Kd6 65.Kf6 Rxf3 66.f5  1-0

[Event "TCh-BEL 2006-7"]
[Site "Belgium BEL"]
[Date "2007.02.11"]
[Round "8"]
[White "Hausrath,D"]
[Black "Chuchelov,V"]
[Result "1/2-1/2"]
[WhiteElo "2526"]
[BlackElo "2539"]

1.Nf3 c5 2.c4 Nf6 3.g3 b6 4.Bg2 Bb7 5.O-O e6 6.Nc3 Be7 7.d4 cxd4 8.Qxd4 d6
9.Rd1 a6 10.Bg5 Nbd7 11.Nd2 Bxg2 12.Kxg2 Rc8 13.Nde4 Rc6 14.Nxf6+ Bxf6 15.Bxf6 Nxf6
16.Ne4 Nxe4 17.Qxe4 Qc7 18.a4 O-O 19.b3 h6 20.Rd4 Rb8 21.Rad1 b5 22.axb5 axb5
23.Qd3 bxc4 24.bxc4 Rc8 25.Rxd6 Rxd6 26.Qxd6 Qxd6 27.Rxd6 Rxc4  1/2-1/2

[Event "ch-SRB"]
[Site "Vrsac SRB"]
[Date "2007.03.07"]
[Round "4"]
[White "Tadic,B"]
[Black "Damljanovic,B"]
[Result "1/2-1/2"]
[WhiteElo "2496"]
[BlackElo "2590"]

1.Nf3 c5 2.c4 Nf6 3.g3 b6 4.Bg2 Bb7 5.O-O e6 6.Nc3 a6 7.Re1 d6 8.e4 Be7 9.d4 cxd4
10.Nxd4 Qc7 11.Be3 Nbd7 12.Rc1 O-O 13.f4 Rfe8 14.Bf2 Nf8 15.e5 dxe5 16.fxe5 N6d7
17.Nd5 Qc8 18.Nxe7+ Rxe7 19.b4 Bxg2 20.Kxg2 Ng6 21.Nf3 Qb7 22.Qd4 Rc8 23.h4 Ree8
24.Rcd1 Ndxe5 25.Rxe5 Rxc4 26.Rxe6 fxe6 27.Qxc4 Qxf3+ 28.Kxf3 Ne5+ 29.Ke4 Nxc4
30.Rd7 e5 31.Ra7 Nd6+ 32.Ke3 Rc8 33.Rxa6 Rc3+ 34.Ke2 Rc2+ 35.Kf1 Nc4 36.Bxb6 e4
37.Bf2 e3 38.Be1 Ne5 39.Ra3 Ng4 40.b5 Nh2+ 41.Kg1 Nf3+ 42.Kf1 Nh2+ 43.Kg1 Nf3+  1/2-1/2

[Event "TCh-FIN 2006-7"]
[Site "Helsinki FIN"]
[Date "2007.03.11"]
[Round "9"]
[White "Maki Uuro,Mi"]
[Black "Sammalvuo,T"]
[Result "1/2-1/2"]
[WhiteElo "2395"]
[BlackElo "2451"]

1.Nf3 Nf6 2.c4 e6 3.g3 b6 4.Bg2 Bb7 5.O-O c5 6.Nc3 d6 7.d4 cxd4 8.Qxd4 a6
9.Rd1 Nbd7 10.Ng5 Bxg2 11.Kxg2 Rc8 12.Nge4 Rc6 13.Bg5 Be7 14.Nxf6+ Bxf6 15.Bxf6 Nxf6
16.Ne4 Nxe4 17.Qxe4 Qc7 18.b3 O-O 19.Rd4 h6 20.Qd3 Rb8 21.Rd1 Rd8 22.Kg1 Qb8
23.Qf3 Qc7 24.Qd3 Qb8 25.Qf3 Qc7  1/2-1/2

[Event "ch-SRB"]
[Site "Vrsac SRB"]
[Date "2007.03.11"]
[Round "7"]
[White "Tadic,B"]
[Black "Arsovic,Z"]
[Result "1/2-1/2"]
[WhiteElo "2496"]
[BlackElo "2457"]

1.Nf3 Nf6 2.g3 b6 3.Bg2 Bb7 4.c4 c5 5.O-O e6 6.Nc3 d6 7.b3 a6 8.Bb2 Be7 9.e3 O-O
10.d4 Ne4 11.Nxe4 Bxe4 12.Qe2 Nd7 13.Rfd1 Qc7 14.Rac1  1/2-1/2

[Event "66th ch-GEO"]
[Site "Tbilisi GEO"]
[Date "2007.03.15"]
[Round "2"]
[White "Pantsulaia,L"]
[Black "Azaladze,S"]
[Result "1-0"]
[WhiteElo "2612"]
[BlackElo "2332"]

1.Nf3 c5 2.c4 b6 3.g3 Bb7 4.Bg2 Nf6 5.O-O e6 6.Nc3 d6 7.Re1 Be7 8.e4 a6 9.d4 cxd4
10.Nxd4 Qc7 11.Be3 Nbd7 12.f4 O-O 13.Rc1 Rac8 14.g4 Nc5 15.Bf2 g6 16.b4 Ncd7
17.f5 Ne5 18.g5 Nfg4 19.Bh4 h6 20.fxe6 hxg5 21.Bg3 Nf6 22.exf7+ Rxf7 23.Nd5 Nxd5
24.exd5 Qd7 25.Ne6 Bf6 26.c5 Qb5 27.c6 Ba8 28.Qc2 Kh7 29.Bxe5 dxe5  1-0

[Event "ch-KAZ"]
[Site "Astana KAZ"]
[Date "2007.03.28"]
[Round "9"]
[White "Alaguzov,M"]
[Black "Sadvakasov,D"]
[Result "0-1"]
[WhiteElo "2194"]
[BlackElo "2615"]

1.Nf3 Nf6 2.c4 b6 3.g3 c5 4.Bg2 Bb7 5.O-O e6 6.Nc3 Be7 7.Re1 d5 8.cxd5 exd5
9.d4 O-O 10.Bf4 Nbd7 11.dxc5 bxc5 12.Nh4 Nb6 13.Nf5 Qd7 14.e4 d4 15.Nxe7+ Qxe7
16.Nb5 Rfd8 17.Nd6 Ne8 18.Nxb7 Qxb7 19.e5 Nd5 20.Bg5 Rd7 21.Qg4 Rb8 22.Rac1 Qc6
23.Rxc5 Qxc5 24.Qxd7 Ndc7 25.Rc1 Qb6 26.b3 h6 27.Bd8 Qe6 28.Qxe6 Nxe6 29.Be7 g5
30.Bh3 Rb7 31.Ba3 Kg7 32.Rd1 N8c7 33.Bd6 Nb5 34.Rd3 Rb6 35.Bxe6 fxe6 36.Bc5 Rb7
37.Kg2 Kg6 38.a4 Nc3 39.Bxd4 Nd5 40.Bc5 Kf5 41.Bd6 Ke4 42.Rf3 g4 43.Rf8 Rxb3
44.h3 h5 45.hxg4 hxg4 46.Rg8 Kf5 47.Rg7 a6 48.Ra7 Rb2 49.Bc5 Rc2 50.Bd6 Ke4
51.Rf7 Ne3+ 52.Kh2 Nf5 53.Kg2 Ra2 54.Rf6 Kd5 55.Bc7 Rxa4 56.Rg6 Rc4 57.Bb6 Kxe5
58.Rg8 Ra4 59.Rc8 Ne7 60.Rc5+ Nd5 61.Ba7 Kd6 62.Rc2 a5 63.Bb8+ Kd7 64.Be5 Re4
65.Bg7 a4 66.Bh6 Nb4 67.Rc1  0-1

[Event "9th Open"]
[Site "Foxwoods USA"]
[Date "2007.04.07"]
[Round "6"]
[White "Kraai,J"]
[Black "Rensch,D"]
[Result "1-0"]
[WhiteElo "2477"]
[BlackElo "2382"]

1.Nf3 Nf6 2.c4 e6 3.g3 b6 4.Bg2 Bb7 5.O-O c5 6.Nc3 Be7 7.d4 cxd4 8.Qxd4 O-O
9.Rd1 d6 10.Bg5 Nc6 11.Qf4 Ne8 12.Bxe7 Qxe7 13.Rd2 Rc8 14.b3 Na5 15.Qe3 Nc7
16.Qg5 f6 17.Qe3 Rfe8 18.Bh3 Rcd8 19.Rad1 d5 20.cxd5 Nxd5 21.Nxd5 Rxd5 22.Nd4 Re5
23.Qc3 Qf7 24.f4 Rc5 25.Qe3 Bd5 26.Bg2 Bxg2 27.Kxg2 Rd5 28.Nf3 Nb7 29.Rxd5 exd5
30.Qd2 Nc5 31.Nd4 Qg6 32.Qc3 a5 33.Qf3 Re4 34.Nb5 Qe8 35.Nd6 Qd7 36.Nxe4 dxe4
37.Qxe4  1-0

[Event "Easter Open"]
[Site "Oberhausen GER"]
[Date "2007.04.09"]
[Round "7"]
[White "Lelchuk,Z"]
[Black "Loskamp,S"]
[Result "1-0"]
[WhiteElo "2366"]
[BlackElo "2149"]

1.Nf3 c5 2.c4 e6 3.g3 b6 4.Bg2 Bb7 5.O-O Nf6 6.Nc3 a6 7.d3 Be7 8.e4 d6 9.a3 Nc6
10.b4 Nd4 11.Nxd4 cxd4 12.Ne2 e5 13.h3 O-O 14.g4 Nd7 15.Ng3 Bg5 16.Nf5 Bxc1
17.Qxc1 Nb8 18.c5 dxc5 19.bxc5 b5 20.f4 Nc6 21.Nd6 Qe7 22.f5 f6 23.a4 Na7
24.axb5 Nxb5 25.Qc4+ Kh8 26.Nxb5 axb5 27.Qxb5 Rfc8 28.Rxa8 Bxa8 29.Ra1 Bc6
30.Qb6  1-0

[Event "Elitzur Winter"]
[Site "Givataim ISR"]
[Date "2007.04.10"]
[Round "4"]
[White "Kantsler,B"]
[Black "Kaganskiy,G"]
[Result "1-0"]
[WhiteElo "2491"]
[BlackElo "2337"]

1.Nf3 Nf6 2.g3 b6 3.Bg2 Bb7 4.O-O e6 5.c4 c5 6.Nc3 Be7 7.d4 cxd4 8.Qxd4 d6
9.Rd1 a6 10.Ng5 Bxg2 11.Kxg2 Qc7 12.Be3 Nbd7 13.Nge4 O-O 14.Rac1 Ng4 15.Bf4 Qb7
16.f3 e5 17.Qd5 Qc8 18.fxg4 exf4 19.gxf4 Nc5 20.h3 Kh8 21.Ng3 Ne6 22.Qf3 Bf6
23.Nge4 Qxc4 24.b3 Qb4 25.Nd5 Qa5 26.Nexf6 gxf6 27.Nxf6 Qxa2 28.Qe4 Kg7 29.g5 Rh8
30.Nh5+  1-0

[Event "Elitzur Winter"]
[Site "Givataim ISR"]
[Date "2007.04.13"]
[Round "7"]
[White "Cohen,O"]
[Black "Nedobora,M"]
[Result "1/2-1/2"]
[WhiteElo "2221"]
[BlackElo "2442"]

1.c4 c5 2.Nf3 Nf6 3.g3 b6 4.Bg2 Bb7 5.O-O e6 6.Nc3 Be7 7.b3 a6 8.d4 cxd4
9.Nxd4 Bxg2 10.Kxg2 Qc8 11.e4 Nc6 12.Bb2 Nxd4 13.Qxd4 Bc5 14.Qd3  1/2-1/2

[Event "Chess Classic Open"]
[Site "Gausdal NOR"]
[Date "2007.04.21"]
[Round "4"]
[White "Pavlovic,Milos"]
[Black "Stubberud,O"]
[Result "1-0"]
[WhiteElo "2534"]
[BlackElo "2217"]

1.Nf3 c5 2.c4 Nf6 3.g3 b6 4.Bg2 Bb7 5.O-O e6 6.Nc3 Be7 7.d4 cxd4 8.Qxd4 d6
9.Rd1 a6 10.Bg5 Nbd7 11.Qd2 Qc7 12.Bf4 e5 13.Bg5 O-O 14.Rac1 Rfe8 15.b3 h6
16.Bxf6 Nxf6 17.Nh4 Bxg2 18.Nxg2 Rac8 19.Ne3 Qb7 20.a4 Bf8 21.Ned5 Nd7 22.Qe3 Rc6
23.Qf3 Qc8 24.Ne4 Re6 25.h4 b5 26.axb5 axb5 27.Rc3 bxc4 28.Rdc1 Qb7 29.bxc4 Nc5
30.Nxc5 dxc5 31.Rb3 Qa6 32.e4 Re8 33.Ra3 Qc8 34.Ra7 Qe6 35.Rb1 Bd6 36.Rbb7 Rf8
37.h5 Rcc8 38.Ne3 Rb8 39.Nf5 Rxb7 40.Rxb7 Rb8 41.Nxd6 Rxb7 42.Nxb7 Qb6 43.Qd3 Qe6
44.Qf3  1-0

[Event "Chess Classic Open"]
[Site "Gausdal NOR"]
[Date "2007.04.22"]
[Round "5"]
[White "Torgersen,T"]
[Black "Urkedal,F"]
[Result "0-1"]
[WhiteElo "2133"]
[BlackElo "2176"]

1.Nf3 Nf6 2.c4 c5 3.g3 b6 4.Bg2 Bb7 5.O-O e6 6.d4 cxd4 7.Qxd4 Be7 8.b3 d6
9.Bb2 Nbd7 10.Nc3 a6 11.e4 Qc7 12.h3 O-O 13.Qe3 Rfe8 14.Nd4 Bf8 15.Qd2 Rac8
16.f4 Qb8 17.Rae1 Red8 18.f5 e5 19.Nf3 b5 20.cxb5 axb5 21.Ba1 Nc5 22.Nh2 Qa8
23.Ng4 Nfxe4 24.Nxe4 Nxe4 25.Bxe4 Bxe4 26.Qg5 Kh8 27.Bxe5 dxe5 28.Nxe5 Qa7+
29.Rf2 Bc5 30.Rxe4 Bxf2+ 31.Kh2 f6 32.Ng6+ hxg6 33.Qh4+ Kg8 34.fxg6 Bxg3+  0-1

[Event "I Open Casino"]
[Site "Lugano SUI"]
[Date "2007.04.30"]
[Round "3"]
[White "Patuzzo,F"]
[Black "Habibi,Al"]
[Result "0-1"]
[WhiteElo "2295"]
[BlackElo "2268"]

1.Nf3 c5 2.g3 b6 3.Bg2 Bb7 4.c4 e6 5.O-O Nf6 6.Nc3 a6 7.b3 Be7 8.Bb2 d6 9.d4 Qc7
10.d5 exd5 11.cxd5 O-O 12.Nh4 Ne8 13.e4 Bxh4 14.gxh4 Qe7 15.h5 Qh4 16.f4 Nd7
17.Rf3 Nef6 18.Qd2 Nxh5 19.Raf1 Rae8 20.Rh3 Qg4 21.Qf2 f5 22.Kh1 fxe4 23.Rh4 e3
24.Qe1 Qg6 25.f5 Rxf5 26.Be4 Rxf1+ 27.Qxf1 Rxe4 28.Nxe4 Bxd5 29.Qf3 e2 30.Qxe2 Nhf6
31.Qd3 Bxe4+ 32.Rxe4 Qxe4+  0-1

[Event "TCh-RUS HL"]
[Site "Sochi RUS"]
[Date "2007.05.07"]
[Round "5"]
[White "Pogromsky,M"]
[Black "Kuznecov,M"]
[Result "1-0"]
[WhiteElo "2405"]
[BlackElo "2343"]

1.Nf3 Nf6 2.g3 b6 3.Bg2 Bb7 4.c4 c5 5.O-O e6 6.Nc3 Be7 7.d4 cxd4 8.Qxd4 d6
9.Rd1 a6 10.Be3 Nbd7 11.Ng5 Bxg2 12.Kxg2 O-O 13.Nge4 Ne8 14.Qd2 Qc7 15.Bf4 Qxc4
16.Nxd6 Qc6+ 17.f3 Nef6 18.e4 Rfd8 19.e5 Nxe5 20.Bxe5 Bxd6 21.Bxd6 Ne8 22.Ne4 f5
23.Rac1 Qb7 24.Qf4  1-0

[Event "Capo d'Orso"]
[Site "Porto Mannu PAL"]
[Date "2007.05.20"]
[Round "2"]
[White "Bruno,Fabi"]
[Black "Marin,M"]
[Result "1/2-1/2"]
[WhiteElo "2428"]
[BlackElo "2533"]

1.Nf3 Nf6 2.c4 c5 3.g3 b6 4.Bg2 Bb7 5.O-O e6 6.Nc3 a6 7.d4 cxd4 8.Qxd4 d6
9.Be3 Nbd7 10.Ng5 Bxg2 11.Kxg2 Be7 12.Nge4 Qc7 13.Rad1 O-O 14.b3 Rfd8 15.f3 Nc5
16.Bg5 Nfxe4 17.Bxe7 Qxe7 18.Nxe4 Nxe4 19.Qxe4 b5 20.Rd4 bxc4 21.bxc4 Rac8
22.Rfd1 Qc7 23.Qd3 h6 24.Rd2 Qc5 25.Rxd6 Rxd6 26.Qxd6 Qxc4 27.a3 Qb5  1/2-1/2

[Event "Capo d'Orso"]
[Site "Porto Mannu PAL"]
[Date "2007.05.24"]
[Round "7"]
[White "Bruno,Fabi"]
[Black "Orlov,And"]
[Result "1/2-1/2"]
[WhiteElo "2428"]
[BlackElo "2447"]

1.Nf3 Nf6 2.g3 b6 3.Bg2 Bb7 4.c4 c5 5.O-O e6 6.Nc3 a6 7.d4 cxd4 8.Qxd4 d6
9.Be3 Nbd7 10.Ng5 Bxg2 11.Kxg2 Be7 12.Nge4 Qc7 13.Rad1 O-O 14.Rd2 Rfd8 15.Nxf6+ Nxf6
16.f3 Rab8 17.Re1 Qb7 18.Ne4 Nxe4 19.Qxe4 Qxe4 20.fxe4 Rdc8 21.b3 Rc6 22.Red1 b5
23.e5 bxc4 24.exd6 c3 25.dxe7 cxd2 26.Rxd2 Re8 27.Rd8 Rc8 28.Bb6 f5 29.Rxe8+ Rxe8
30.Bd8 Kf7 31.b4 e5 32.a4 Ke6 33.Kf3 h5 34.b5 axb5 35.axb5 Rxe7 36.Bxe7 Kxe7
37.e4 g6 38.exf5 gxf5 39.h3 Kd8 40.g4 hxg4+ 41.hxg4  1/2-1/2

[Event "50th TCh-SRB Cup"]
[Site "Mataruska Banja SRB"]
[Date "2007.05.25"]
[Round "5"]
[White "Levnajic,P"]
[Black "Milanovic,Sla"]
[Result "0-1"]
[WhiteElo "2245"]
[BlackElo "2304"]

1.Nf3 Nf6 2.c4 e6 3.g3 b6 4.Bg2 Bb7 5.O-O c5 6.Nc3 a6 7.d4 cxd4 8.Qxd4 d6
9.Rd1 Nbd7 10.Ng5 Bxg2 11.Kxg2 Qc7 12.Nge4 Rc8 13.Bg5 Qxc4 14.Bxf6 gxf6 15.Nxf6+ Nxf6
16.Qxf6 Rg8 17.Rac1 Qc6+ 18.f3 Be7 19.Qh6 Bg5 20.Qxh7 Bxc1 21.Qxg8+ Ke7 22.Qg7 Bxb2
23.Qg5+ Kf8 24.Qh6+ Ke8 25.Ne4 d5 26.Ng5 Qc2 27.Rf1 Bd4 28.Rf2 Bxf2 29.Nxe6 Qxe2
30.Qf8+ Kd7 31.Qxf7+ Kc6 32.Nf4 Qd2 33.Qe6+ Kb7 34.Nxd5 Bxg3+ 35.Kh3 Qxh2+
36.Kg4 Qh4+ 37.Kf5 Qh3+  0-1

[Event "TCh-BIH"]
[Site "Vogosca BIH"]
[Date "2007.06.04"]
[Round "3"]
[White "Savanovic,A"]
[Black "Vuckovic,Bo"]
[Result "0-1"]
[WhiteElo "2432"]
[BlackElo "2555"]

1.Nf3 Nf6 2.c4 c5 3.g3 b6 4.Bg2 Bb7 5.O-O e6 6.Nc3 Be7 7.b3 O-O 8.Bb2 a6
9.d4 cxd4 10.Nxd4 Bxg2 11.Kxg2 Qc8 12.e3 Ra7 13.Rc1 Rc7 14.Qf3 d6 15.g4 Nc6
16.Nxc6 Rxc6 17.g5 Nd7 18.Ne4 f5 19.gxf6 Nxf6 20.Rcd1 Nxe4 21.Qxe4 b5 22.cxb5 axb5
23.Rc1 d5 24.Rxc6 Qxc6 25.Rc1 Qd7 26.Qg4 Bf6 27.Bxf6 Rxf6 28.Qd4 h6 29.a4 bxa4
30.bxa4 Qf7 31.Rc8+ Kh7 32.Qd3+ Rf5 33.Qc2 e5 34.a5 e4 35.Qe2 Qa7 36.a6 Rf6
37.Rd8 Qc5 38.a7 Rg6+ 39.Kf1 Qxa7 40.Rxd5 Qc7 41.h4 Qh2 42.Qh5 Rf6 43.Rd2 Qh1+
44.Ke2 Qg1  0-1

[Event "29th Mem Nezhmetdinov"]
[Site "Kazan RUS"]
[Date "2007.06.05"]
[Round "5"]
[White "Kupreichik,V"]
[Black "Stupak,K"]
[Result "1-0"]
[WhiteElo "2402"]
[BlackElo "2360"]

1.c4 c5 2.Nf3 Nf6 3.g3 b6 4.Bg2 Bb7 5.O-O e6 6.Nc3 Be7 7.d4 cxd4 8.Qxd4 d6
9.b3 O-O 10.Rd1 Nbd7 11.Bb2 a6 12.Ng5 Bxg2 13.Kxg2 Qc7 14.f3 Rad8 15.Rd2 h6
16.Nge4 Nc5 17.Rad1 Ncxe4 18.Nxe4 d5 19.cxd5 Rxd5 20.Qe3 Rxd2 21.Rxd2 Nd5
22.Qd4 f6 23.Nc3 Nxc3 24.Bxc3 Kf7 25.Qe3 Rc8 26.Rd3 b5 27.Qd2 Qc5 28.Qf4 Qa3
29.Qd2 b4 30.Bd4 Qc1 31.Be3 Qxd2 32.Rxd2 e5 33.g4 Ke6 34.h4 f5 35.h5 Rc3
36.gxf5+ Kxf5 37.Bf2 Bg5 38.Rd6 Rc2 39.e4+ Kf4  1-0

[Event "11th Master Open"]
[Site "Voronezh RUS"]
[Date "2007.06.13"]
[Round "2"]
[White "Rychagov,A"]
[Black "Petukhov,D"]
[Result "1-0"]
[WhiteElo "2571"]
[BlackElo "2375"]

1.Nf3 Nf6 2.c4 c5 3.g3 b6 4.Bg2 Bb7 5.O-O e6 6.b3 Be7 7.Bb2 O-O 8.e3 d5 9.Qe2 Nc6
10.d3 dxc4 11.bxc4 Qc7 12.Nc3 Rad8 13.Rfd1 Rd7 14.Rd2 Rfd8 15.Rad1 Qb8 16.d4 cxd4
17.exd4 Ba6 18.Nb5 Bb4 19.Rd3 Bxb5 20.cxb5 Ne7 21.Ne5 Rc7 22.d5 Nfxd5 23.Bxd5 Rxd5
24.Qg4  1-0

[Event "4th Alushta Summer"]
[Site "Alushta UKR"]
[Date "2007.06.15"]
[Round "1"]
[White "Kochetkov,G"]
[Black "Khantuev,A"]
[Result "1-0"]
[WhiteElo "2386"]
[BlackElo "2333"]

1.Nf3 c5 2.c4 b6 3.g3 Bb7 4.Bg2 Nf6 5.O-O e6 6.Nc3 Be7 7.Re1 d6 8.e4 a6 9.d4 cxd4
10.Nxd4 Qc7 11.Be3 O-O 12.Rc1 Nbd7 13.f4 Rfe8 14.g4 Nc5 15.Bf2 g6 16.b4 Rad8
17.f5 Bf8 18.fxe6 fxe6 19.Bh4 Bg7 20.bxc5 dxc5 21.Nxe6 Rxe6 22.Nd5 Qb8 23.e5 Rxe5
24.Bxf6 Rexd5 25.Bxd5+ Rxd5 26.cxd5 Bxf6 27.d6 Kg7 28.g5 Bxg5 29.Qg4 Bf6
30.Rcd1 c4 31.Qxc4 b5 32.Qc7+  1-0

[Event "Salongernas IM"]
[Site "Stockholm SWE"]
[Date "2007.06.15"]
[Round "7"]
[White "Olsson,L"]
[Black "Karlsson,L"]
[Result "0-1"]
[WhiteElo "2368"]
[BlackElo "2469"]

1.Nf3 e6 2.g3 b6 3.Bg2 Bb7 4.O-O c5 5.c4 Nf6 6.Nc3 Be7 7.d4 cxd4 8.Qxd4 d6
9.b3 Nbd7 10.Bb2 a6 11.Rfd1 Qc7 12.Rac1 Rd8 13.h3 O-O 14.Ng5 Bxg2 15.Kxg2 b5
16.cxb5 Qb7+ 17.Kh2 axb5 18.Qb4 Rb8 19.Nge4 Qb6 20.e3 Nc5 21.Rxd6 Ncxe4 22.Nxe4 Nxe4
23.Qxe4 Qxd6  0-1

[Event "11th Master Open"]
[Site "Voronezh RUS"]
[Date "2007.06.21"]
[Round "9"]
[White "Bezgodova,S"]
[Black "Kosov,Iv"]
[Result "1/2-1/2"]
[WhiteElo "2251"]
[BlackElo "2367"]

1.Nf3 c5 2.c4 b6 3.g3 Bb7 4.Bg2 e6 5.O-O Nf6 6.Nc3 Be7 7.Re1 d6 8.d4 cxd4
9.Qxd4 a6 10.e4 Nbd7 11.b3 Qc7 12.Ba3 Rc8 13.Rad1 Nc5 14.Bb2 O-O 15.e5 dxe5
16.Qxe5 Ncd7 17.Qxc7 Rxc7 18.Nd5 Nxd5 19.cxd5 Rc2 20.d6 Bd8 21.Rb1 Rc5 22.b4 Rc8
23.Rec1 Bf6 24.Bxf6 gxf6 25.Rc7 Rxc7 26.dxc7 Rc8 27.Rc1 Bd5 28.a4 Kf8 29.Bf1 Bb7
30.Nd4 Ke7 31.Nc6+ Bxc6 32.Rxc6 b5 33.axb5 axb5 34.f4 Nf8 35.Bxb5 Kd7 36.f5 exf5
37.Rxf6+ Ke7 38.Rc6 Ne6 39.Bd3 Rxc7 40.Rxc7+ Nxc7 41.Bxf5 h6 42.Kf2 Kf6 43.Be4 Ke5
44.Bc6 Kd6 45.b5 Ne6 46.Ke3 f5 47.Bf3 Kc5 48.Be2 Nc7 49.Kf4 Ne6+ 50.Ke5 Nd4
51.b6 Nxe2 52.b7 Nd4 53.h4 h5 54.Kf6 Nc6 55.Kxf5 Kb6 56.Kg5 Kxb7 57.Kxh5 Kc7
58.g4 Kd7 59.Kh6 Ne5 60.g5 Nf3  1/2-1/2

[Event "Narciso Yepes Mem"]
[Site "Lorca ESP"]
[Date "2007.06.26"]
[Round "3"]
[White "Vega Gomez,F"]
[Black "Kovacevic,Sl"]
[Result "1-0"]
[WhiteElo "2117"]
[BlackElo "2325"]

1.Nf3 c5 2.g3 b6 3.Bg2 Bb7 4.c4 Nf6 5.O-O e6 6.Nc3 a6 7.e3 Qc7 8.Qe2 Be7
9.Rd1 d6 10.b3 Nbd7 11.Bb2 O-O 12.Rac1 Rac8 13.d4 cxd4 14.Nxd4 Bxg2 15.Kxg2 Rfe8
16.h3 Qb7+ 17.Qf3 Qc7 18.Ne4 Ne5 19.Nxf6+ Bxf6 20.Qe2 Qb7+ 21.Kh2 Nd7 22.Rd2 Nc5
23.Rcd1 Ne4 24.Rc2 Ng5 25.h4 Ne4 26.Qf3 Rc7 27.Ne2 Bxb2 28.Rxb2 b5 29.cxb5 axb5
30.Rd4 d5 31.Rb4 Qa6 32.a4 Rb7 33.Rxb5 Rxb5 34.axb5 Qxb5 35.Nd4 Qb4 36.Qe2 Rf8
37.Qc2 g6 38.Nc6 Qd6 39.b4 Kg7 40.b5 Rc8 41.Ra2 Rc7 42.Qb2+ f6 43.Nd4 Rb7
44.Qc2 e5 45.Ra6 Qe7 46.Ne6+ Kh6 47.Qc6 Nxf2 48.e4 dxe4 49.Kg2 Ng4 50.Qxe4 f5
51.Qc6 Rd7 52.Qc1+ Kh5 53.Ng7+  1-0

[Event "Kotov Mem"]
[Site "Tula RUS"]
[Date "2007.07.01"]
[Round "2"]
[White "Kovchan,A"]
[Black "Simantsev,M"]
[Result "1/2-1/2"]
[WhiteElo "2527"]
[BlackElo "2430"]

1.Nf3 Nf6 2.c4 c5 3.g3 b6 4.Bg2 Bb7 5.O-O e6 6.Nc3 Be7 7.d4 cxd4 8.Qxd4 d6
9.b3 a6 10.Bb2 Nbd7 11.Rfd1 O-O 12.e4 Qc7 13.Qe3 Rfe8 14.Rac1 Rac8 15.Nd4 Qb8
16.h3 Bf8 17.Re1 g6 18.Rcd1 Bg7  1/2-1/2

[Event "South Wales Masters"]
[Site "Caerleon WLS"]
[Date "2007.07.08"]
[Round "2"]
[White "Cobb,C"]
[Black "Daroza,E"]
[Result "1-0"]
[WhiteElo "2407"]
[BlackElo "2102"]

1.c4 Nf6 2.Nf3 e6 3.g3 b6 4.Bg2 Bb7 5.O-O c5 6.Nc3 Be7 7.d4 cxd4 8.Qxd4 d6
9.Rd1 a6 10.b3 Nbd7 11.e4 O-O 12.Ba3 Nc5 13.e5 dxe5 14.Qxd8 Rfxd8 15.Nxe5 Bxg2
16.Kxg2 Bf8 17.Bxc5 bxc5 18.Na4 Rac8 19.f4 h5 20.Nb6 Rb8 21.Ned7 Nxd7 22.Nxd7 Rbc8
23.Rd3 Be7 24.Rad1 Re8 25.Nb6 Rc6 26.Na4 Bf6 27.Rd6 Rec8 28.Rxc6 Rxc6 29.Rd7 g6
30.Kf3 Kg7 31.Ke4 h4 32.g4 g5 33.fxg5 Bxg5 34.Nb2 Bf6 35.Nd3 Bc3 36.h3 Bf6
37.g5 Bc3 38.Nf4 e5 39.Nd5 Rg6 40.Nxc3  1-0

[Event "Zudov Mem B"]
[Site "Nizhnij Tagil RUS"]
[Date "2007.07.12"]
[Round "6"]
[White "Pogromsky,M"]
[Black "Ivanov,Andrew"]
[Result "0-1"]
[WhiteElo "2415"]
[BlackElo "2308"]

1.c4 c5 2.Nf3 Nf6 3.g3 b6 4.Bg2 Bb7 5.O-O e6 6.Nc3 Be7 7.d4 cxd4 8.Qxd4 d6
9.Rd1 a6 10.b3 Nbd7 11.e4 Qc8 12.h3 O-O 13.Bb2 Re8 14.Rac1 Qc7 15.Qe3 Rac8
16.Nd4 Qb8 17.g4 h6 18.f4 e5 19.Nf5 Bf8 20.Kh1 b5 21.cxb5 axb5 22.fxe5 Nxe5
23.g5 Nh5 24.Nxb5 Rxc1 25.Rxc1 Bxe4 26.Qxe4 Qxb5 27.Qh4 Nd3 28.Rf1 g6 29.Bd4 Ne1
30.Rxe1 Rxe1+ 31.Qxe1 Qxf5 32.gxh6 Bxh6 33.Bf2 Nf4 34.Qe8+ Kg7 35.a4 Qd3
36.Qe4 Qxb3 37.Qd4+ Kh7 38.Qxd6 Ne2 39.Qb6 Qxa4 40.Qb1 Nf4 41.Qf1 Qd7 42.Bg3 Nh5
43.Bh2 Ng7 44.Bf3 Nf5 45.Bg2 Qe6 46.Qf3 Bg7 47.Qe4 Qb6 48.Qe1 Bd4 49.Bf4 Bf2
50.Qe2 Bg3 51.Bd2 Bd6 52.Be1 Qb1 53.Qf1 Qc2 54.Qf3 Qb2 55.Qe4 Qc1 56.Qe8 Kg7
57.Bf1 Bg3 58.Bxg3 Nxg3+ 59.Kg2 Nxf1 60.Qe5+ Kh7  0-1

[Event "22nd North Sea Cup"]
[Site "Esbjerg DEN"]
[Date "2007.07.15"]
[Round "5"]
[White "Pedersen,G"]
[Black "Tonndorf,M"]
[Result "1-0"]
[WhiteElo "2224"]
[BlackElo "2237"]

1.Nf3 c5 2.c4 b6 3.g3 Bb7 4.Bg2 Nf6 5.O-O e6 6.Nc3 Be7 7.d4 cxd4 8.Qxd4 Nc6
9.Qd2 O-O 10.b3 Qc7 11.Bb2 Rac8 12.Rac1 Qb8 13.Rfd1 Rfd8 14.Qc2 Qa8 15.Qb1 d6
16.Nb5 Ne8 17.Rd2 a6 18.Nc3 Ne5 19.Ne1 Bxg2 20.Nxg2 Qb7 21.Rcd1 b5 22.f4 Qb6+
23.Kh1 Ng4 24.Ne4 bxc4 25.Bd4 Qb7 26.h3 Nh6 27.g4 f6 28.bxc4 Qxb1 29.Rxb1 Rxc4
30.Ne3 Rc6 31.f5 d5 32.Nc3 Bc5 33.Bxc5 Rxc5 34.Na4 Ra5 35.fxe6 Rxa4 36.Nxd5 Ra8
37.Rb7 Re4 38.Nb6 Rb4 39.Rdd7 Ra7 40.Rb8 Kf8  1-0

[Event "22nd North Sea Cup"]
[Site "Esbjerg DEN"]
[Date "2007.07.16"]
[Round "6"]
[White "Ivanov,MM"]
[Black "Ovsejevitsch,S"]
[Result "1/2-1/2"]
[WhiteElo "2455"]
[BlackElo "2568"]

1.Nf3 Nf6 2.g3 c5 3.c4 b6 4.Bg2 Bb7 5.O-O e6 6.Nc3 Be7 7.Re1 Ne4 8.Nxe4 Bxe4
9.d3 Bb7 10.e4 O-O 11.d4 cxd4 12.Nxd4 d6 13.b3 a6  1/2-1/2

[Event "Zudov Mem A"]
[Site "Nizhnij Tagil RUS"]
[Date "2007.07.16"]
[Round "10"]
[White "Maletin,P"]
[Black "Ogloblin,N"]
[Result "1-0"]
[WhiteElo "2567"]
[BlackElo "2382"]

1.Nf3 Nf6 2.c4 b6 3.g3 Bb7 4.Bg2 e6 5.O-O c5 6.Nc3 d6 7.Re1 Nbd7 8.e4 Rc8
9.b3 a6 10.d4 cxd4 11.Nxd4 Qc7 12.Be3 Be7 13.Rc1 Qb8 14.f4 h6 15.Bf2 Qa8
16.Qe2 Bd8 17.h3 O-O 18.g4 Re8 19.Bg3 Bc7 20.Kh2 Nf8 21.h4 e5 22.fxe5 dxe5
23.Nf5 Ne6 24.Nd5 Nxd5 25.cxd5 Nf8 26.Rcd1 Nd7 27.g5 hxg5 28.Qg4 Bd8 29.hxg5 Nf8
30.Nd6 Re7 31.Nf5 Re8 32.Nd6 Re7 33.Nxc8 Bxc8 34.Qh5 Qb8 35.d6 Re6 36.Rf1 Rg6
37.Rxf7 Rxg5 38.Rxf8+  1-0

[Event "1st LCT"]
[Site "Leiden NED"]
[Date "2007.07.22"]
[Round "9"]
[White "Coene,I"]
[Black "Miedema,R"]
[Result "0-1"]
[WhiteElo "2105"]
[BlackElo "2271"]

1.Nf3 Nf6 2.c4 b6 3.g3 Bb7 4.Bg2 c5 5.O-O e6 6.b3 Be7 7.Bb2 O-O 8.Nc3 a6
9.d4 cxd4 10.Qxd4 d6 11.Rfd1 Nbd7 12.e4 Qc7 13.Rac1 Rfd8 14.h3 h5 15.Qe3 Rac8
16.Rd2 Qb8 17.Rcd1 Qa8 18.Nd4 Re8 19.f4 Nc5 20.e5 dxe5 21.Qxe5 Ncd7 22.Qe2 Bc5
23.Bxb7 Qxb7 24.Qg2 Qc7 25.Kh1 h4 26.Nde2 hxg3 27.Nxg3 Qxf4 28.Rxd7 Nxd7
29.Nce4 Bf8 30.Nh5 Qh6 31.Rxd7 Red8 32.Nef6+ Kh8 33.Qb7 Be7 34.Ne8 Qxh5 35.Bxg7+ Kg8
36.Bd4 Qxh3+ 37.Kg1 Rxe8 38.Qe4 Bc5 39.Qf4 Bxd4+ 40.Rxd4 Rc5 41.Rd2 Rf5  0-1

[Event "Quebec Open"]
[Site "Montreal CAN"]
[Date "2007.07.23"]
[Round "4"]
[White "Vul,A"]
[Black "Sambuev,B"]
[Result "1-0"]
[WhiteElo "2312"]
[BlackElo "2482"]

1.Nf3 Nf6 2.c4 b6 3.g3 Bb7 4.Bg2 c5 5.O-O e6 6.Nc3 Be7 7.d4 cxd4 8.Qxd4 d6
9.Rd1 a6 10.b3 Nc6 11.Qf4 Qc7 12.Ba3 Ne5 13.Nxe5 dxe5 14.Qc1 Bxg2 15.Kxg2 O-O
16.Bxe7 Qxe7 17.Qe3 Qc7 18.f3 Rad8 19.Rxd8 Rxd8 20.Rd1 Rxd1 21.Nxd1 h6 22.Nf2 b5
23.Qd3 bxc4 24.Qxc4 Qxc4 25.bxc4 Nd7 26.Nd3 Kf8 27.Kf2 f6 28.Ke3 Nb8 29.Kd2 Nc6
30.Nc5 Ke7 31.Nxa6 Nd4 32.Nc5 f5 33.Nb3 Nc6 34.a4 Kd6 35.e4 h5 36.h3 g5 37.g4 hxg4
38.hxg4 f4 39.a5 Kc7 40.Kc3 Kb8 41.Nc5 Kc7 42.Nxe6+ Kd6 43.Nxg5 Nxa5 44.Kb4 Nc6+
45.Kb5 Na7+ 46.Kb6 Nc8+ 47.Kb7 Ne7 48.Nf7+ Ke6 49.Nh6  1-0